[Event "V Trofeo Alfiere"]
[Site "Roma "]
[Date "1982.??.??"]
[Round "3"]
[White "Bellia, Fabrizio"]
[Black "Amovilli, Mauro"]
[Result "0-1"]
[WhiteElo "1900"]
[BlackElo "1900"]
[PlyCount "54"]
[EventDate "1982.??.??"]
[EventType "swiss"]
[EventRounds "9"]
[EventCountry "ITA"]
[SourceDate "2005.09.12"]

1. e4 c5 2. Nf3 d6 3. d4 cxd4 4. Nxd4 Nf6 5. Nc3 a6 6. Bg5 e6 7. f4 Nbd7 8. Bc4
Qa5 9. Qd2 b5 10. Bd5 exd5 11. Nc6 Qb6 12. exd5 Ng4 13. O-O-O f6 14. Rhe1+ Kf7
15. Bh4 Nc5 16. Qe2 Bd7 17. b4 Na4 18. Nxa4 bxa4 19. f5 Ne5 20. Qh5+ Kg8 21.
Nxe5 dxe5 22. Qf3 Bxb4 23. Re4 Rc8 24. g4 Bc3 25. Rd3 Qb2+ 26. Kd1 Qb1+ 27. Ke2
Bb4 0-1

[Event "V Trofeo Alfiere"]
[Site "Roma "]
[Date "1982.??.??"]
[Round "3"]
[White "Colombo, Paolo"]
[Black "Ianniello, Riccardo"]
[Result "1-0"]
[WhiteElo "2030"]
[BlackElo "2205"]
[PlyCount "91"]
[EventDate "1982.??.??"]
[EventType "swiss"]
[EventRounds "9"]
[EventCountry "ITA"]
[SourceDate "2005.09.12"]

1. c4 Nf6 2. Nc3 g6 3. g3 Bg7 4. Bg2 O-O 5. Nf3 c6 6. O-O d6 7. d4 Nbd7 8. e4
Qc7 9. h3 Rb8 10. a4 a6 11. a5 c5 12. e5 dxe5 13. dxe5 Ne8 14. Nd5 Qd8 15. Bf4
e6 16. Nf6+ Kh8 17. Ra3 Ra8 18. Nxd7 Qxd7 19. Rd3 Qc7 20. Qd2 Rb8 21. Rd1 b6
22. axb6 Qxb6 23. Rd8 Qc7 24. Bg5 Bb7 25. Rd7 Qb6 26. Be7 Bxf3 27. Bxf3 Rg8 28.
Qf4 Qxb2 29. Bxc5 Bxe5 30. Qxf7 Ng7 31. Re1 Bf6 32. Rxe6 Qc1+ 33. Kg2 Qxc4 34.
Qxf6 Qxe6 35. Qxe6 Nxe6 36. Be7 Ng7 37. Bd5 h6 38. Bf6 Rbf8 39. Bd4 Kh7 40. Ra7
a5 41. Bxg8+ Rxg8 42. f4 h5 43. g4 hxg4 44. hxg4 a4 45. g5 a3 46. Be5 1-0

[Event "V Trofeo Alfiere"]
[Site "Roma "]
[Date "1982.??.??"]
[Round "3"]
[White "Gervasi, Giancarlo"]
[Black "Tatai, Stefano"]
[Result "0-1"]
[WhiteElo "2125"]
[BlackElo "2440"]
[PlyCount "58"]
[EventDate "1982.??.??"]
[EventType "swiss"]
[EventRounds "9"]
[EventCountry "ITA"]
[SourceDate "2005.09.12"]

1. c4 Nf6 2. Nc3 c5 3. Nf3 e6 4. e3 d5 5. cxd5 exd5 6. d4 Nc6 7. Bb5 a6 8.
Bxc6+ bxc6 9. Qa4 Qc7 10. dxc5 Bxc5 11. Ne5 Bb7 12. Nd3 Bd6 13. b3 O-O 14. h3
c5 15. O-O Rfe8 16. Bd2 d4 17. Ne2 dxe3 18. fxe3 Re4 19. b4 cxb4 20. Nd4 Qc4
21. Qb3 Rxd4 22. exd4 Qxd4+ 23. Kh1 Bd5 24. Qc2 Be4 25. Rad1 Nh5 26. Be1 Qe3
27. Rf2 Qxh3+ 28. Kg1 Qh2+ 29. Kf1 Ng3# 0-1

[Event "V Trofeo Alfiere"]
[Site "Roma "]
[Date "1998.??.??"]
[Round "3"]
[White "Kovacevic, Slobodan"]
[Black "De Blasio, Massimo"]
[Result "1-0"]
[WhiteElo "2245"]
[BlackElo "2210"]
[PlyCount "127"]
[EventDate "1982.??.??"]
[EventType "swiss"]
[EventRounds "9"]
[EventCountry "ITA"]
[SourceDate "2005.09.12"]

1. e4 c5 2. Nf3 Nc6 3. d4 cxd4 4. Nxd4 g6 5. c4 Bg7 6. Be3 Nf6 7. Nc3 O-O 8.
Be2 d6 9. Qd2 Qa5 10. f3 Nxd4 11. Bxd4 Be6 12. Rc1 Rfc8 13. b3 a6 14. O-O b5
15. cxb5 axb5 16. Rfd1 Rab8 17. Bxf6 Bxf6 18. Nd5 Qa7+ 19. Kh1 Bxd5 20. Qxd5
Rxc1 21. Rxc1 Qe3 22. Qd1 Bd4 23. g3 b4 24. Rc2 Bc3 25. Kg2 Rc8 26. Bc4 Qc5 27.
a3 Kg7 28. Qd3 e6 29. a4 Rd8 30. Qe2 Rd7 31. Bb5 Rc7 32. Qd3 Ra7 33. Rc1 Kf8
34. Rd1 Ke7 35. f4 Rc7 36. Qf3 Bd4 37. Bc4 Ra7 38. g4 g5 39. fxg5 Be3 40. Rf1
Ke8 41. h4 Bd4 42. Kh1 Qe5 43. Kg2 Qc5 44. e5 Qxe5 45. Bd3 Rc7 46. Bxh7 d5 47.
Bd3 Kd8 48. g6 f6 49. Qf4 Ke8 50. h5 Rc3 51. Qxe5 Bxe5 52. Bb5+ Kf8 53. Rf3
Rc2+ 54. Kf1 Kg7 55. a5 Rc5 56. Bd7 Rxa5 57. Bxe6 d4 58. Ke2 Ra1 59. Kd3 Rc1
60. Ke4 Rc5 61. Bc4 Ra5 62. Rf1 Ra7 63. Kf5 d3 64. Bxd3 1-0

[Event "V Trofeo Alfiere"]
[Site "Roma "]
[Date "1982.??.??"]
[Round "3"]
[White "Lantini, Marco"]
[Black "Tribuiani, Renato"]
[Result "1/2-1/2"]
[WhiteElo "1900"]
[BlackElo "2070"]
[PlyCount "71"]
[EventDate "1982.??.??"]
[EventType "swiss"]
[EventRounds "9"]
[EventCountry "ITA"]
[SourceDate "2005.09.12"]

1. d4 Nf6 2. c4 e6 3. Nc3 Bb4 4. e3 b6 5. Nge2 Bb7 6. a3 Be7 7. Nf4 O-O 8. Bd3
c5 9. d5 e5 10. Nh5 d6 11. Nxf6+ Bxf6 12. O-O Nd7 13. Ne4 Qe7 14. Bd2 g6 15. f4
exf4 16. Nxf6+ Qxf6 17. Bc3 Qe7 18. exf4 Rae8 19. Re1 Qh4 20. Qf3 Nf6 21. g3
Qg4 22. Qg2 Rxe1+ 23. Rxe1 Re8 24. Qf2 Rxe1+ 25. Qxe1 Nd7 26. Qe8+ Nf8 27. Bf6
Qd7 28. Qxd7 Nxd7 29. Be7 f6 30. Bxd6 Kf7 31. Bc2 b5 32. Bd3 bxc4 33. Bxc4 Nb6
34. b3 Nxc4 35. bxc4 Ba6 36. Bxc5 {...} 1/2-1/2

[Event "V Trofeo Alfiere"]
[Site "Roma "]
[Date "1982.??.??"]
[Round "3"]
[White "Micalizzi, Giovanni"]
[Black "Gallo, Enrico"]
[Result "1/2-1/2"]
[WhiteElo "2005"]
[BlackElo "1900"]
[PlyCount "45"]
[EventDate "1982.??.??"]
[EventType "swiss"]
[EventRounds "9"]
[EventCountry "ITA"]
[SourceDate "2005.09.12"]

1. e4 e6 2. d4 d5 3. Nc3 Bb4 4. e5 c5 5. Qg4 Ne7 6. Nf3 Qc7 7. Bb5+ Bd7 8. O-O
Nbc6 9. Bxc6 Bxc6 10. Qxg7 Rg8 11. Qxh7 O-O-O 12. a4 Nf5 13. Bg5 Rdf8 14. Qh5
cxd4 15. Nb5 Qb6 16. Rfd1 Bc5 17. b4 Bxb4 18. Rab1 a5 19. Nfxd4 Nxd4 20. Nxd4
Bxa4 21. Be7 Rh8 22. Qf3 Re8 23. Bxb4 1/2-1/2

[Event "V Trofeo Alfiere"]
[Site "Roma "]
[Date "1982.??.??"]
[Round "3"]
[White "Saetta, Alfredo"]
[Black "Favale, Paolo"]
[Result "0-1"]
[WhiteElo "2025"]
[BlackElo "1900"]
[PlyCount "68"]
[EventDate "1982.??.??"]
[EventType "swiss"]
[EventRounds "9"]
[EventCountry "ITA"]
[SourceDate "2005.09.12"]

1. e4 c6 2. d4 d5 3. exd5 cxd5 4. c4 Nf6 5. Nc3 Nc6 6. Be3 g6 7. cxd5 Nxd5 8.
Bc4 Nxe3 9. fxe3 Bh6 10. Nh3 Bxh3 11. gxh3 O-O 12. Qf3 e5 13. O-O exd4 14.
Bxf7+ Kh8 15. exd4 Qxd4+ 16. Kh1 Ne5 17. Qd5 Rad8 18. Rad1 Rxd5 19. Bxd5 Rxf1+
20. Rxf1 Qd2 21. Bg2 Qxb2 22. Ne4 Qxa2 23. Rd1 Nd3 24. Rf1 Bf4 25. Nc3 Qb2 26.
Nd5 Bd6 27. Ne3 Nf4 28. Bf3 Nd5 29. Ng2 Qe5 30. Kg1 Qxh2+ 31. Kf2 Bc5+ 32. Ke1
Qe5+ 33. Kd2 Qb2+ 34. Kd1 Nc3+ 0-1

[Event "V Trofeo Alfiere"]
[Site "Roma "]
[Date "1982.??.??"]
[Round "3"]
[White "Sammuri, Andrea"]
[Black "Piasini, Antonio"]
[Result "1-0"]
[WhiteElo "1900"]
[BlackElo "1955"]
[PlyCount "109"]
[EventDate "1982.??.??"]
[EventType "swiss"]
[EventRounds "9"]
[EventCountry "ITA"]
[SourceDate "2005.09.12"]

1. d4 Nf6 2. c4 g6 3. Nc3 Bg7 4. e4 d6 5. f3 O-O 6. Be3 e5 7. d5 a5 8. Bd3 Na6
9. Nge2 Nd7 10. Qd2 Ndc5 11. O-O-O f5 12. Bc2 Bd7 13. Nb5 a4 14. Nec3 f4 15.
Bf2 b6 16. Kb1 Qb8 17. Nxa4 Bxb5 18. cxb5 Nxa4 19. Bxa4 Nc5 20. Bc2 Qa7 21. a3
Qa5 22. Qxa5 Rxa5 23. Bd3 Rfa8 24. Bxc5 dxc5 25. d6 R5a7 26. Bc4+ Kf8 27. dxc7
Rxc7 28. Rd6 Rb8 29. Rhd1 Ke8 30. Bd5 Bf8 31. Bc6+ Kf7 32. Rd8 Rxd8 33. Rxd8 c4
34. Rb8 Bc5 35. Bd5+ Kf6 36. Bxc4 Bg1 37. b3 h5 38. Kc2 Rd7 39. h3 Kg5 40. Rg8
Rd6 41. Re8 Bd4 42. Re6 Rxe6 43. Bxe6 Kf6 44. Bd5 Bc5 45. b4 Bd6 46. Kc3 Ke7
47. a4 Bb8 48. a5 Ba7 49. Kc4 h4 50. Bf7 Kxf7 51. Kd5 Kf6 52. Kc6 Ke6 53. Kb7
bxa5 54. bxa5 Bd4 55. b6 1-0

[Event "V Trofeo Alfiere"]
[Site "Roma "]
[Date "1982.??.??"]
[Round "3"]
[White "Sibilio, Mario"]
[Black "Kouatly, Bachar"]
[Result "1/2-1/2"]
[WhiteElo "2305"]
[BlackElo "2435"]
[PlyCount "84"]
[EventDate "1982.??.??"]
[EventType "swiss"]
[EventRounds "9"]
[EventCountry "ITA"]
[SourceDate "2005.09.12"]

1. d4 Nf6 2. Nf3 g6 3. g3 Bg7 4. Bg2 O-O 5. O-O d5 6. c4 dxc4 7. Ne5 Nc6 8.
Nxc6 bxc6 9. Bxc6 Rb8 10. Nc3 Bh3 11. Bg2 Qd7 12. Qa4 Bxg2 13. Qxd7 Nxd7 14.
Kxg2 Bxd4 15. Rd1 Bxc3 16. bxc3 Rfd8 17. Ba3 Kf8 18. Rd4 Nb6 19. Re4 Rd7 20.
Rb1 f6 21. Rxc4 Nxc4 22. Rxb8+ Kf7 23. Bc5 a5 24. Rb7 Ke6 25. Bd4 Kd6 26. Rb5
e5 27. Ba7 Rd8 28. Rc5 Ra8 29. Rxc4 Rxa7 30. e4 c5 31. Ra4 Kc6 32. c4 Kb6 33.
Ra3 a4 34. Rf3 Rf7 35. Rd3 f5 36. Rd5 Re7 37. Kf3 Kc6 38. Ke3 fxe4 39. Kxe4 Rb7
40. Rd2 Rb4 41. Kd3 Kd6 42. Kc3+ Ke6 1/2-1/2

[Event "V Trofeo Alfiere"]
[Site "Roma "]
[Date "1982.??.??"]
[Round "3"]
[White "Steinfl, Alessandro"]
[Black "Wagman, Stuart"]
[Result "0-1"]
[WhiteElo "1985"]
[BlackElo "2255"]
[PlyCount "50"]
[EventDate "1982.??.??"]
[EventType "swiss"]
[EventRounds "9"]
[EventCountry "ITA"]
[SourceDate "2005.09.12"]

1. e4 c5 2. Nf3 e6 3. d3 d5 4. Nbd2 Nc6 5. g3 Bd6 6. Bg2 Nge7 7. O-O O-O 8. Nh4
b6 9. f4 Bb7 10. Ndf3 dxe4 11. Ng5 exd3 12. Be4 g6 13. f5 exf5 14. Bxf5 dxc2
15. Bxc2 Be5 16. Qe2 Bd4+ 17. Kh1 Ne5+ 18. Be4 Bxe4+ 19. Nxe4 f5 20. Ng5 Qd5+
21. Ng2 Rad8 22. Nh3 Qc4 23. Qxc4+ Nxc4 24. Bh6 Bg7 25. Bxg7 Kxg7 {...} 0-1

[Event "V Trofeo Alfiere"]
[Site "Roma "]
[Date "1982.??.??"]
[Round "4"]
[White "Amovilli, Mauro"]
[Black "Piasini, Antonio"]
[Result "1/2-1/2"]
[WhiteElo "1900"]
[BlackElo "1955"]
[PlyCount "27"]
[EventDate "1982.??.??"]
[EventType "swiss"]
[EventRounds "9"]
[EventCountry "ITA"]
[SourceDate "2005.09.12"]

1. e4 c5 2. Nf3 Nc6 3. Bb5 g6 4. O-O Bg7 5. c3 Nf6 6. Re1 O-O 7. d4 cxd4 8.
cxd4 Qb6 9. Nc3 a6 10. Ba4 d6 11. h3 Qa5 12. Bxc6 bxc6 13. Qd3 Rb8 14. Bd2
1/2-1/2

[Event "V Trofeo Alfiere"]
[Site "Roma "]
[Date "1982.??.??"]
[Round "4"]
[White "De Blasio, Massimo"]
[Black "Lantini, Marco"]
[Result "1-0"]
[WhiteElo "2210"]
[BlackElo "1900"]
[PlyCount "95"]
[EventDate "1982.??.??"]
[EventType "swiss"]
[EventRounds "9"]
[EventCountry "ITA"]
[SourceDate "2005.09.12"]

1. e4 c5 2. d4 cxd4 3. c3 d5 4. exd5 Qxd5 5. cxd4 Nc6 6. Nf3 e5 7. Nc3 Bb4 8.
Bd2 Bxc3 9. Bxc3 e4 10. Ne5 Nxe5 11. dxe5 Ne7 12. Qc2 Bf5 13. Rd1 e3 14. Rxd5
Bxc2 15. Bb5+ Nc6 16. f3 Rd8 17. Rxd8+ Kxd8 18. Ke2 Re8 19. Rc1 Bf5 20. f4 Be6
21. a3 a6 22. Bd3 Re7 23. Kxe3 g6 24. Rd1 Rd7 25. Be2 Rxd1 26. Bxd1 h5 27. h3
Ne7 28. Ba5+ Kd7 29. g4 hxg4 30. hxg4 Kc6 31. Bd8 Nd5+ 32. Ke4 Kd7 33. Bh4 Kc6
34. Bd8 Kd7 35. Bg5 Nc7 36. f5 gxf5+ 37. gxf5 Bd5+ 38. Kf4 b6 39. Bh4 b5 40.
Bf3 Bc4 41. Be1 Nd5+ 42. Ke4 Nb6 43. Kd4 Na4 44. Bc3 Ba2 45. Be4 Kc7 46. Bc2
Nxc3 47. Kxc3 Bd5 48. Kd4 1-0

[Event "V Trofeo Alfiere"]
[Site "Roma "]
[Date "1982.??.??"]
[Round "4"]
[White "Favale, Paolo"]
[Black "Tatai, Stefano"]
[Result "0-1"]
[WhiteElo "1900"]
[BlackElo "2440"]
[PlyCount "39"]
[EventDate "1982.??.??"]
[EventType "swiss"]
[EventRounds "9"]
[EventCountry "ITA"]
[SourceDate "2005.09.12"]

1. e4 c5 2. Nf3 d6 3. d4 cxd4 4. Nxd4 Nf6 5. Nc3 a6 6. Bg5 e6 7. f4 Qb6 8. Qd2
Qxb2 9. Nb3 Nc6 10. Bxf6 gxf6 11. Rb1 Qa3 12. Bd3 Bd7 13. O-O Rc8 14. Kh1 Ne7
15. e5 f5 16. Be2 Ng6 17. Rbd1 d5 18. Nb1 Qxa2 19. Nd4 Qb2 20. Rf3 {...} 0-1

[Event "V Trofeo Alfiere"]
[Site "Roma "]
[Date "1982.??.??"]
[Round "4"]
[White "Gallo, Enrico"]
[Black "Pangrazzi, Marco"]
[Result "0-1"]
[WhiteElo "1900"]
[BlackElo "2260"]
[PlyCount "46"]
[EventDate "1982.??.??"]
[EventType "swiss"]
[EventRounds "9"]
[EventCountry "ITA"]
[SourceDate "2005.09.12"]

1. e4 e5 2. Nf3 Nc6 3. Bc4 d6 4. c3 Bg4 5. Qb3 Qd7 6. Bxf7+ Qxf7 7. Qxb7 Kd7 8.
Qxa8 Bxf3 9. gxf3 Qxf3 10. Rf1 Qxe4+ 11. Kd1 Qf3+ 12. Ke1 e4 13. Qb7 Qd3 14.
Na3 a6 15. Rg1 Ne5 16. Rg3 Nf3+ 17. Kd1 Ne7 18. Qb3 d5 19. Qa4+ Kd8 20. c4 Nf5
21. cxd5 Qf1+ 22. Kc2 N5d4+ 23. Kb1 Nxd2# 0-1

[Event "V Trofeo Alfiere"]
[Site "Roma "]
[Date "1982.??.??"]
[Round "4"]
[White "Ianniello, Riccardo"]
[Black "Bellia, Fabrizio"]
[Result "0-1"]
[WhiteElo "2205"]
[BlackElo "1900"]
[PlyCount "58"]
[EventDate "1982.??.??"]
[EventType "swiss"]
[EventRounds "9"]
[EventCountry "ITA"]
[SourceDate "2005.09.12"]

1. e4 c5 2. Nf3 Nc6 3. Be2 d6 4. O-O Nf6 5. Nc3 e6 6. d4 cxd4 7. Nxd4 Be7 8.
Nxc6 bxc6 9. Bd3 O-O 10. Ne2 e5 11. c4 d5 12. Qc2 Be6 13. b3 h6 14. Bb2 Bd6 15.
Rad1 Qe7 16. h3 Rad8 17. Kh1 Bb8 18. Ng3 Qd7 19. f4 Bxh3 20. exd5 Bg4 21. Rde1
exf4 22. Bxf6 fxg3 23. Re7 Qd6 24. Bh7+ Kh8 25. Re4 h5 26. Qd2 cxd5 27. Rxg4
dxc4 28. Qg5 Qxf6 29. Rxf6 Rd1+ 0-1

[Event "V Trofeo Alfiere"]
[Site "Roma "]
[Date "1982.??.??"]
[Round "4"]
[White "Kouatly, Bachar"]
[Black "Kovacevic, Slobodan"]
[Result "1-0"]
[WhiteElo "2435"]
[BlackElo "2245"]
[PlyCount "80"]
[EventDate "1982.??.??"]
[EventType "swiss"]
[EventRounds "9"]
[EventCountry "ITA"]
[SourceDate "2005.09.12"]

1. d4 Nf6 2. c4 e6 3. Nf3 c5 4. d5 exd5 5. cxd5 d6 6. g3 g6 7. Bg2 Bg7 8. O-O
O-O 9. Nc3 a6 10. a4 Nbd7 11. Nd2 Re8 12. a5 Rb8 13. h3 Qc7 14. Nc4 Ne5 15. Ne3
Nh5 16. g4 Nf4 17. Qa4 Nxg2 18. Qxe8+ Bf8 19. Qa4 Bd7 20. Qe4 Nxe3 21. Qxe3 Nc4
22. Qd3 Ne5 23. Qg3 Bg7 24. Ne4 h6 25. f4 Nc4 26. f5 Bd4+ 27. e3 Bg7 28. fxg6
fxg6 29. Nf6+ Bxf6 30. Rxf6 Kg7 31. Rf4 Ne5 32. Bd2 g5 33. Rf2 Bb5 34. Bc3 Re8
35. e4 Kh7 36. Rf5 Ng6 37. Re1 Re7 38. Rf6 Nf4 39. e5 Qc8 40. Rxd6 Qg8 1-0

[Event "V Trofeo Alfiere"]
[Site "Roma "]
[Date "1982.??.??"]
[Round "4"]
[White "Micalizzi, Giovanni"]
[Black "Gervasi, Giancarlo"]
[Result "1/2-1/2"]
[WhiteElo "2005"]
[BlackElo "2125"]
[PlyCount "48"]
[EventDate "1982.??.??"]
[EventType "swiss"]
[EventRounds "9"]
[EventCountry "ITA"]
[SourceDate "2005.09.12"]

1. e4 e6 2. d4 d5 3. Nc3 Nf6 4. Bg5 Be7 5. e5 Nfd7 6. h4 c6 7. Qg4 Bxg5 8. hxg5
c5 9. g6 f5 10. Qg3 h6 11. Nce2 Nc6 12. Nf3 cxd4 13. Nexd4 Nc5 14. Nxc6 bxc6
15. Ng5 Ne4 16. Nxe4 fxe4 17. Be2 Rb8 18. Qc3 Qb6 19. O-O O-O 20. b4 Rf5 21.
Rab1 Rg5 22. Qc5 Qc7 23. a4 Rxg6 24. b5 cxb5 {...} 1/2-1/2

[Event "V Trofeo Alfiere"]
[Site "Roma "]
[Date "1982.??.??"]
[Round "4"]
[White "Sammuri, Andrea"]
[Black "Nestler, Vincenzo"]
[Result "1/2-1/2"]
[WhiteElo "1900"]
[BlackElo "2230"]
[PlyCount "57"]
[EventDate "1982.??.??"]
[EventType "swiss"]
[EventRounds "9"]
[EventCountry "ITA"]
[SourceDate "2005.09.12"]

1. d4 Nf6 2. c4 d6 3. Nc3 Nbd7 4. e4 e5 5. d5 Be7 6. Bd3 Nc5 7. Nge2 c6 8. f3
cxd5 9. cxd5 Nxd3+ 10. Qxd3 Nd7 11. Be3 a6 12. O-O O-O 13. Ng3 Bg5 14. Rac1 g6
15. b4 Bxe3+ 16. Qxe3 Qb6 17. Qxb6 Nxb6 18. Rf2 Bd7 19. Rfc2 Rac8 20. Nd1 f5
21. Rxc8 Rxc8 22. Rxc8+ Bxc8 23. Nb2 Bd7 24. Ne2 Kf7 25. Nc3 Ke7 26. Kf2 g5 27.
Ke3 h6 28. g3 fxe4 29. fxe4 1/2-1/2

[Event "V Trofeo Alfiere"]
[Site "Roma "]
[Date "1982.??.??"]
[Round "4"]
[White "Sibilio, Mario"]
[Black "Wagman, Stuart"]
[Result "1-0"]
[WhiteElo "2305"]
[BlackElo "2255"]
[PlyCount "53"]
[EventDate "1982.??.??"]
[EventType "swiss"]
[EventRounds "9"]
[EventCountry "ITA"]
[SourceDate "2005.09.12"]

1. d4 Nf6 2. Nf3 g6 3. g3 Bg7 4. Bg2 O-O 5. O-O d6 6. Nc3 Nbd7 7. d5 e5 8. dxe6
fxe6 9. Nd4 Nc5 10. e4 e5 11. Nde2 Kh8 12. h3 Bd7 13. Be3 Na4 14. Nxa4 Bxa4 15.
Nc3 Bc6 16. Qd2 Rf7 17. Rae1 Qf8 18. b3 Re8 19. Nd5 Bxd5 20. exd5 Ng8 21. f4
exf4 22. Bxf4 Rxe1 23. Rxe1 Nf6 24. Qb4 b6 25. Qa4 Nd7 26. Qxa7 Bd4+ 27. Kh1 {
...} 1-0

[Event "V Trofeo Alfiere"]
[Site "Roma "]
[Date "1982.??.??"]
[Round "4"]
[White "Steinfl, Alessandro"]
[Black "Colombo, Paolo"]
[Result "1-0"]
[WhiteElo "1985"]
[BlackElo "2030"]
[PlyCount "59"]
[EventDate "1982.??.??"]
[EventType "swiss"]
[EventRounds "9"]
[EventCountry "ITA"]
[SourceDate "2005.09.12"]

1. e4 e6 2. d3 g6 3. g3 Bg7 4. Bg2 Ne7 5. Nf3 O-O 6. O-O d5 7. Nbd2 c5 8. Re1
Nbc6 9. e5 Qc7 10. Qe2 h6 11. h4 b6 12. Nf1 Nd4 13. Nxd4 cxd4 14. Bf4 Ba6 15.
Nh2 Rac8 16. Rac1 Nc6 17. Ng4 h5 18. Nf6+ Kh8 19. Qd2 Ne7 20. Bh6 Ng8 21. Bxg7+
Kxg7 22. Qg5 Nxf6 23. exf6+ Kh7 24. Bf3 Rfe8 25. Bxh5 e5 26. Bg4 Rcd8 27. h5 e4
28. hxg6+ fxg6 29. Kg2 Qf7 30. Bf5 1-0

[Event "V Trofeo Alfiere"]
[Site "Roma "]
[Date "1982.??.??"]
[Round "4"]
[White "Tribuiani, Renato"]
[Black "Saetta, Alfredo"]
[Result "1-0"]
[WhiteElo "2070"]
[BlackElo "2025"]
[PlyCount "81"]
[EventDate "1982.??.??"]
[EventType "swiss"]
[EventRounds "9"]
[EventCountry "ITA"]
[SourceDate "2005.09.12"]

1. Nf3 d5 2. g3 Nf6 3. Bg2 g6 4. d3 Bg7 5. O-O O-O 6. Nbd2 c5 7. e4 Be6 8. c3
Qb6 9. Qc2 Nc6 10. Ng5 Rac8 11. Nxe6 fxe6 12. Bh3 Ne5 13. f4 c4+ 14. d4 Nd3 15.
exd5 Nxd5 16. Nf3 Rc7 17. Kh1 Qc6 18. Bg2 b5 19. b4 a5 20. a3 Ra7 21. Bd2 axb4
22. axb4 Rfa8 23. Rxa7 Rxa7 24. Ne5 Nxe5 25. fxe5 Qa6 26. Qd1 Ra8 27. Qg4 Qc6
28. Bg5 Ra2 29. Qf3 Qe8 30. Bh3 Ra6 31. Bxe6+ Rxe6 32. Qxd5 Qc8 33. Bxe7 h5 34.
Qd8+ Qxd8 35. Bxd8 Bh6 36. Rf3 Bd2 37. h4 Ra6 38. Bg5 Be1 39. d5 Ra1 40. Kg2
Rd1 41. e6 1-0

[Event "V Trofeo Alfiere"]
[Site "Roma "]
[Date "1982.??.??"]
[Round "5"]
[White "Bellia, Fabrizio"]
[Black "Colombo, Paolo"]
[Result "1/2-1/2"]
[WhiteElo "1900"]
[BlackElo "2030"]
[PlyCount "80"]
[EventDate "1982.??.??"]
[EventType "swiss"]
[EventRounds "9"]
[EventCountry "ITA"]
[SourceDate "2005.09.12"]

1. e4 c6 2. Nc3 d5 3. Nf3 Bg4 4. h3 Bh5 5. exd5 cxd5 6. d4 Nc6 7. Bb5 e6 8. O-O
Nf6 9. Re1 Be7 10. a3 Rc8 11. Bf4 O-O 12. g4 Bg6 13. Bd3 Na5 14. Ne5 Bxd3 15.
Qxd3 Nc4 16. Nxc4 Rxc4 17. b3 Rc6 18. Ne2 Qc8 19. Rac1 b5 20. Qxb5 Rxc2 21.
Rxc2 Qxc2 22. Rc1 Qb2 23. a4 Ne4 24. f3 Bd6 25. Bxd6 Nxd6 26. Qd3 Rb8 27. Rc3
h6 28. Nc1 Rc8 29. Rxc8+ Nxc8 30. Ne2 Ne7 31. Qb5 Ng6 32. a5 Qd2 33. Kf2 Kh7
34. Qb8 Qxa5 35. Qb7 f6 36. Qc6 e5 37. Qc2 Qb6 38. h4 exd4 39. Kg2 f5 40. Qxf5
Kh8 1/2-1/2

[Event "V Trofeo Alfiere"]
[Site "Roma "]
[Date "1982.??.??"]
[Round "5"]
[White "Gallo, Enrico"]
[Black "Steinfl, Alessandro"]
[Result "1/2-1/2"]
[WhiteElo "1900"]
[BlackElo "1985"]
[PlyCount "144"]
[EventDate "1982.??.??"]
[EventType "swiss"]
[EventRounds "9"]
[EventCountry "ITA"]
[SourceDate "2005.09.12"]

1. e4 c5 2. Nc3 Nc6 3. f4 e6 4. Bb5 Nd4 5. Nf3 Nxb5 6. Nxb5 d5 7. exd5 exd5 8.
O-O Nf6 9. Re1+ Be7 10. Qe2 Bg4 11. b4 Bxf3 12. gxf3 cxb4 13. Bb2 O-O 14. Nd4
Bc5 15. Kh1 Qb6 16. Nf5 d4 17. Qg2 g6 18. c3 bxc3 19. dxc3 Nd5 20. cxd4 Bd6 21.
Rab1 Qd8 22. Nxd6 Qxd6 23. Bc1 Rfe8 24. Bd2 b6 25. f5 Qf6 26. fxg6 hxg6 27. Qg4
Rac8 28. Rxe8+ Rxe8 29. Re1 Rxe1+ 30. Bxe1 Qf4 31. Qxf4 Nxf4 32. Bd2 Nd5 33.
Kg2 Kf8 34. Kf2 Ke7 35. Ke2 Ke6 36. Kd3 b5 37. a3 a6 38. Ke4 f5+ 39. Kd3 Nb6
40. Bb4 Nc4 41. Bf8 Nb6 42. Bb4 Nd5 43. Bd2 Kd6 44. h4 Nc7 45. a4 Kd5 46. Ba5
Ne6 47. axb5 axb5 48. Bb6 Nf4+ 49. Kc3 Ng2 50. Bd8 b4+ 51. Kxb4 Kxd4 52. Bg5
Ne1 53. f4 Ke4 54. Kc5 Nd3+ 55. Kd6 Nxf4 56. Ke7 Nh3 57. Bd2 Kd3 58. Ba5 f4 59.
Kf6 f3 60. Bb6 Nf4 61. Kg5 Ke4 62. Kg4 Ne2 63. Bf2 Nc1 64. Kg5 Nd3 65. Bg1 Ne5
66. h5 gxh5 67. Kxh5 Kd3 68. Kh4 Ke2 69. Kg3 Nc4 70. Kh2 Ne3 71. Kg3 Nf1+ 72.
Kf4 Nd2 1/2-1/2

[Event "V Trofeo Alfiere"]
[Site "Roma "]
[Date "1982.??.??"]
[Round "5"]
[White "Gervasi, Giancarlo"]
[Black "Favale, Paolo"]
[Result "1-0"]
[WhiteElo "2125"]
[BlackElo "1900"]
[PlyCount "71"]
[EventDate "1982.??.??"]
[EventType "swiss"]
[EventRounds "9"]
[EventCountry "ITA"]
[SourceDate "2005.09.12"]

1. c4 Nf6 2. Nc3 d5 3. cxd5 Nxd5 4. Nf3 Nxc3 5. bxc3 g6 6. d4 Bg7 7. e3 c5 8.
Bb5+ Bd7 9. a4 Qc7 10. O-O O-O 11. Ba3 b6 12. Be2 Nc6 13. dxc5 bxc5 14. Bxc5
Bxc3 15. Rc1 Bf6 16. Nd4 Rfd8 17. Bf3 Rac8 18. Bxe7 Bxe7 19. Bxc6 Bxc6 20. Rxc6
Qa5 21. Qc2 Rxc6 22. Nxc6 Qc7 23. Qe4 Rd7 24. g3 Bf6 25. Rb1 Kg7 26. Rb5 Rd1+
27. Kg2 Rc1 28. Nb4 Qc3 29. Nd3 Rd1 30. Rd5 Qc6 31. Nf4 Ra1 32. Nh5+ gxh5 33.
Rg5+ Bxg5 34. Qxc6 Bd8 35. Qc3+ Bf6 36. Qa5 1-0

[Event "V Trofeo Alfiere"]
[Site "Roma "]
[Date "1982.??.??"]
[Round "5"]
[White "Kovacevic, Slobodan"]
[Black "Tribuiani, Renato"]
[Result "1-0"]
[WhiteElo "2245"]
[BlackElo "2070"]
[PlyCount "41"]
[EventDate "1982.??.??"]
[EventType "swiss"]
[EventRounds "9"]
[EventCountry "ITA"]
[SourceDate "2005.09.12"]

1. e4 c5 2. Nf3 e6 3. d4 cxd4 4. Nxd4 a6 5. Nc3 Qc7 6. Be2 Nf6 7. O-O Be7 8. f4
d6 9. Kh1 Nc6 10. Be3 O-O 11. Qe1 Rb8 12. Qg3 b5 13. e5 Ne8 14. Ne4 Nxd4 15.
Bxd4 d5 16. Nf6+ Kh8 17. Bd3 h6 18. Nh7 Rg8 19. Ng5 Rf8 20. Nxf7+ Kg8 21. Nxh6+
1-0

[Event "V Trofeo Alfiere"]
[Site "Roma "]
[Date "1982.??.??"]
[Round "5"]
[White "Lantini, Marco"]
[Black "Ianniello, Riccardo"]
[Result "1-0"]
[WhiteElo "1900"]
[BlackElo "2205"]
[PlyCount "74"]
[EventDate "1982.??.??"]
[EventType "swiss"]
[EventRounds "9"]
[EventCountry "ITA"]
[SourceDate "2005.09.12"]

1. d4 Nf6 2. c4 c5 3. d5 b5 4. cxb5 a6 5. bxa6 Bxa6 6. Nc3 g6 7. Nf3 Bg7 8. e4
Bxf1 9. Kxf1 d6 10. g3 O-O 11. Kg2 Na6 12. Re1 Nd7 13. Qe2 h6 14. Bf4 Qb6 15.
Rab1 Nc7 16. Nd2 Qa7 17. Nc4 Nb6 18. Nxb6 Qxb6 19. Qd2 Kh7 20. e5 g5 21. exd6
exd6 22. Be3 Qb7 23. Rbd1 f5 24. h4 gxh4 25. Rh1 Ne6 26. Rxh4 f4 27. Qd3+ Kg8
28. Bc1 c4 29. Qxc4 fxg3 30. fxg3 Ng5 31. Rg4 Qa7 32. Bxg5 Rf2+ 33. Kh3 hxg5
34. Rxg5 Kf7 35. Qg4 Rh8+ 36. Rh5 Rxh5+ 37. Qxh5+ Kf8 {...} 1-0

[Event "V Trofeo Alfiere"]
[Site "Roma "]
[Date "1982.??.??"]
[Round "5"]
[White "Micalizzi, Giovanni"]
[Black "Sammuri, Andrea"]
[Result "1/2-1/2"]
[WhiteElo "2005"]
[BlackElo "1900"]
[PlyCount "35"]
[EventDate "1982.??.??"]
[EventType "swiss"]
[EventRounds "9"]
[EventCountry "ITA"]
[SourceDate "2005.09.12"]

1. e4 c5 2. Nf3 Nc6 3. Nc3 d6 4. d4 cxd4 5. Nxd4 Nf6 6. Bg5 e6 7. Qd2 Be7 8.
O-O-O a6 9. f4 Qc7 10. Be2 Bd7 11. Bxf6 Bxf6 12. Nf3 Be7 13. Rhe1 O-O 14. e5 d5
15. f5 Nxe5 16. fxe6 Bxe6 17. Nxd5 Bxd5 18. Qxd5 1/2-1/2